01685cam a2200313 i 4500001000600000003000400006005001700010008004100027020002200068040000800090041000800098084001500106245007700121246002300198250002900221260005400250500003500304520061500339653001100954653001200965653002000977710010200997780002001099942000701119952011101126998001901237999001701256856009801273normyBPK20141021090813.0121231s2013 pl a f u |000 0 pol d a978-83-275-1895-8 cBPK apol aICS 79.04000aTarcica konstrukcyjna iglasta sortowana metodami wytrzymałościowymi. aPN-D-94021:2013-10 aZatwierdzono: 2013.10.28 aWarszawa :bPolski Komitet Normalizacyjny,c2013. aZastępuje : PN-D-94021:1982. aDotyczy tarcicy konstrukcyjnej iglastej obrzynanej, szorstkiej lub struganej, wyprodukowanej z drewna sosny zwyczajnej (Pinus sylvestris L.), świerka pospolitego (Picea abies (L.) Karst.), modrzewia europejskiego (Larix decidua Mill.), jodły pospolitej (Abies alba Mill.) lub daglezji zielonej (Pseudotsuga menziesii (Mirb.) Franco), z przeznaczeniem na nośne konstrukcje drewniane. Podano klasyfikację tarcicy konstrukcyjnej, wymagania dotyczące wilgotności, wymiarów, jakości i oznakowania. Określono badania wilgotności, wymiarów, miąższości, cech strukturalnych i geometrycznych. adrewno atarcica atarcica iglasta2 aKT nr 215 ds. Projektowania i Wykonawstwa Konstrukcji z Drewna i z Materiałów Drewnopochodnych tPN-D-94021:1982 cNR 00104071aBPKbBPKccd2013-11-20eKS/049/13g92.30iPN 286oPN-D-94021p02551418v92.30w2023-02-11yNR cegd2008.07.21 c73171d73171 uhttp://koha.tu.koszalin.pl/cgi-bin/koha/opac-detail.pl?biblionumber=73171yKatalog online BPK